00241nam a2200097Ia 4500008004100000082001200041100001900053245005400072260000900126300000800135190415s9999 xx 000 0 und d aRP.0199 aPanda, Damodar 0aInter-state migrant workmen : A socio-legel study c1992 a631